| 000 | 00627cam a2200265ua 4500 | ||
|---|---|---|---|
| 020 | _c7.50 | ||
| 041 |
_aeng _h |
||
| 082 |
_a519.5 _bVEN/ST |
||
| 100 | _aVenkatesan, K . | ||
| 245 |
_aStatistics / _cK Venkatesan. _hTextual Documents |
||
| 250 |
_a3 / _b. |
||
| 260 |
_aChennai : _bThe National Publishing Co , _c1965. |
||
| 300 |
_a470 : _b506 ; . |
||
| 365 | _a7.50 | ||
| 504 | _a | ||
| 942 | _cBK | ||
| 999 |
_c10510 _d10510 |
||